000 00256nam a2200097Ia 4500
008 231212s2006 xx 000 0 und d
041 _aeng
100 _aKanetkar Y.
245 _aThe 8051 Microcontroller and Embedded system
260 _aDelhi
_bUnivers
_c2006
999 _c973261
_d973261